000
00337nam a22001577a 4500
003
MACL
005
20151120151929.0
008
151120b xxu||||| |||| 00| 0 eng d
040
_c
MACL
041
_a
English
082
_a
610
100
_a
Dr.Singh,P.K
_9
17421
245
_a
Weight Loss
650
_a
Health
_9
17631
942
_2
ddc
_c
BK
999
_c
50754
_d
50754